Catálogo Amiama 1988 : (Registro nro. 13558)

Detalles MARC
000 -LIDER
fixed length control field 00876nam a2200265 a 4500
001 - NÚMERO DE CONTROL
Identificador de número de control
003 - IDENTIFICACDOR DE NÚMERO DE CONTROL
control field DO-SdBNP
005 - DATE AND TIME OF LATEST TRANSACTION
control field 20210607121102.0
008 - ELEMENTOS DE LONGITUD FIJA
fixed length control field 101011s1988 dr 001 0 spa d
040 ## - FUENTE DE CATALOGACIÓN
Agencia que crea de manera original el registro BPMSU
Idioma de catalogación spa
Agencia que realiza la transcripción BPMSU
049 ## - LOCAL HOLDINGS (OCLC)
Holding library
082 ## - NÚMERO DE CLASIFICACIÓN DECIMAL DE DEWEY
Classification number R383.7293
Item number A516c 1988
Edition number 22
100 1# - ASIENTO PRINCIPAL -- NOMBRE PERSONAL
Nombre personal Amiama Veloz, Luisa A.
Forma completa del nombre (Chilito)
245 10 - MENCIÓN DE TITULO
Título Catálogo Amiama 1988 :
Subtítulo sellos postales de la República Dominicana /
Mención de responsabilidad Luisa A. Amiama Veloz.
246 13 - VARIACION DEL TÍTULO
Título propiamente dicho o título corto Catálogo de sellos postales dominicanos
260 ## - PUBLICACIÓN, DISTRIBUCIÓN, ETC. (PIE DE IMPRENTA)
Lugar de publicación, distribución, etc Santo Domingo :
Nombre del editor, distribuidor, etc. Sociedad Filantrópica Dominicana,
Fecha de publicación, distribución, etc 1988.
300 ## - DESCRIPCIÓN FÍSICA
Extensión 221, [51] p. ;
Dimensiones 23 cm.
490 0# - MENCIÓN DE SERIES
Mención de serie Biblioteca Taller
Volume/sequential designation 267
590 ## - NOTA LOCAL
Enlace Inventariado, 2021/VM
650 #4 - ENCABEZAMIENTO DE MATERIA--TEMÁTICO
Término temático o nombre geográfico como elemento de entrada Sellos postales
Subdivisión geográfica República Dominicana
Subdivisión de forma Catálogos .
710 2# - ASIENTO SECUNDARIO -- NOMBRE CORPORATIVO
Nombre corporativo o de jurisdicción Sociedad Filantrópica Dominicana
830 #0 - ASIENTO SECUNDARIO DE SERIE--TÍTULO UNIFORME
Título uniforme Biblioteca Taller
Volume number/sequential designation no. 267
910 ## - VALIDACIÓN
Validación VMateo
942 ## - ADDED ENTRY ELEMENTS (KOHA)
Source of classification or shelving scheme Dewey Decimal Classification
Koha item type Libros
Existencias
Withdrawn status Lost status Source of classification or shelving scheme Damaged status Not for loan Collection code Home library Current library Date acquired Full call number Barcode Date last seen Price effective from Koha item type
    Dewey Decimal Classification     Colección de Referencia Dominicana Biblioteca Pública Metropolitana Salomé Ureña Biblioteca Pública Metropolitana Salomé Ureña 06/07/2021 BPMSU CDR R383.7293 A516c 1988 BPMSU21060020 06/07/2021 06/07/2021 Libros